[Event "Titled Tue 20th May Late"]
[Site "chess.com INT"]
[Date "2025.05.20"]
[Round "10"]
[White "Wuebker, Paul-Luca"]
[Black "Shoboev, Dandar"]
[Result "0-1"]
[WhiteTitle "CM"]
[BlackTitle "FM"]
[WhiteElo "2244"]
[BlackElo "2252"]
[WhiteFideId "12939528"]
[BlackFideId "44197012"]
[EventDate "2025.05.20"]

1. e4 d5 2. exd5 Qxd5 3. Nc3 Qa5 4. d4 Nf6 5. Nf3 Bg4 6. h3 Bh5 7. Bc4 Nc6 8.
O-O O-O-O 9. Qd3 Bxf3 10. Qxf3 Nxd4 11. Qd3 e6 12. a3 Nb3 13. Qxd8+ Kxd8 14.
cxb3 Bd6 15. Be3 a6 16. b4 Qe5 17. g3 h5 18. Rad1 Kc8 19. Bf4 Qf5 20. Bxd6 cxd6
21. Kg2 d5 22. Be2 h4 23. g4 Qf4 24. Bf3 Kb8 25. Rfe1 Rc8 26. Ne2 Qg5 27. Nd4
Rc4 28. Be2 Rc7 29. Nf3 Qf4 30. Rd4 Ne4 31. Bd3 Rc1 32. Rxc1 Qxc1 33. Bxe4 dxe4
34. Ne5 Qxb2 35. Rd8+ Ka7 36. Nxf7 e3 0-1

[Event "Titled Tue 20th May Late"]
[Site "chess.com INT"]
[Date "2025.05.20"]
[Round "10"]
[White "Fishbein, Alexander"]
[Black "Midonet, Matthieu"]
[Result "1/2-1/2"]
[WhiteTitle "GM"]
[BlackTitle "CM"]
[WhiteElo "2377"]
[BlackElo "2224"]
[WhiteFideId "2000377"]
[BlackFideId "26080575"]
[EventDate "2025.05.20"]

1. e4 c5 2. Nf3 Nc6 3. d4 cxd4 4. Nxd4 e5 5. Nb5 d6 6. N1c3 a6 7. Na3 b5 8. Nd5
Nge7 9. Bg5 f6 10. Nxb5 axb5 11. Bxb5 Ra5 12. Qh5+ g6 13. Nxf6+ Kf7 14. Qe2 Nd4
15. Bc4+ d5 16. Qd2 dxc4 17. O-O h6 18. f4 hxg5 19. fxe5 Kg7 20. Qxg5 Ne6 21.
Qg3 Qd4+ 22. Kh1 Qxe5 23. Ne8+ Kg8 24. Nf6+ Kg7 25. Ne8+ Kg8 26. Nf6+ Kg7 1/2-1/2

[Event "Titled Tue 20th May Late"]
[Site "chess.com INT"]
[Date "2025.05.20"]
[Round "10"]
[White "Shuvalov, Evgenij"]
[Black "Shevkunov, Vladyslav"]
[Result "0-1"]
[WhiteElo "1986"]
[BlackElo "2073"]
[WhiteFideId "4187237"]
[BlackFideId "30953448"]
[EventDate "2025.05.20"]

1. d4 d5 2. c4 e6 3. Nf3 Nf6 4. Nc3 a6 5. cxd5 exd5 6. Qb3 h6 7. e4 Nxe4 8. Nxe4
dxe4 9. Ne5 Be6 10. Bc4 Bxc4 11. Qxc4 Qf6 12. Qxc7 Bb4+ 13. Ke2 Nc6 14. Qd7+ Kf8
15. Qxb7 Nxd4+ 16. Kf1 Qxe5 17. Qxa8+ Ke7 18. Qb7+ Kf6 19. Qxb4 Rb8 20. Qc3 Rc8
21. Qxc8 Qb5+ 22. Kg1 Ne2+ 23. Kf1 Ng3+ 24. Kg1 Qf1# 0-1

[Event "Titled Tue 20th May Late"]
[Site "chess.com INT"]
[Date "2025.05.20"]
[Round "10"]
[White "Ermolaev, Evgeny"]
[Black "Eminov, Orkhan"]
[Result "0-1"]
[WhiteTitle "FM"]
[BlackTitle "FM"]
[WhiteElo "2282"]
[BlackElo "2239"]
[WhiteFideId "24103195"]
[BlackFideId "13402153"]
[EventDate "2025.05.20"]

1. d4 Nf6 2. c4 e5 3. Nf3 e4 4. Nfd2 e3 5. fxe3 d5 6. cxd5 Nxd5 7. Nf3 Bb4+ 8.
Bd2 Nxe3 9. Qc1 Bxd2+ 10. Nbxd2 Qe7 11. Ne5 Bf5 12. Ndf3 Nc2+ 13. Kf2 Nxa1 14.
Qxa1 Nd7 15. e3 O-O 16. Qc1 Nxe5 17. Nxe5 c5 18. Qxc5 Qf6 19. Nf3 Rac8 20. Qb4
Rc2+ 21. Be2 Bd3 22. Re1 b6 23. Qb3 Rxe2+ 24. Rxe2 Bxe2 25. Kxe2 Qg6 26. Kf2 Rc8
27. Ne1 Qf5+ 28. Kg3 Rc6 29. Nf3 h5 30. h3 Rc2 31. Qa4 Qg6+ 32. Kf4 Qf6+ 33. Kg3
h4+ 34. Kg4 Rxg2+ 35. Kh5 Qh6# 0-1

[Event "Titled Tue 20th May Late"]
[Site "chess.com INT"]
[Date "2025.05.20"]
[Round "10"]
[White "Sailer, Mike"]
[Black "Clawitter, Craig"]
[Result "1-0"]
[WhiteElo "2108"]
[BlackElo "2050"]
[WhiteFideId "2012901"]
[BlackFideId "2023105"]
[EventDate "2025.05.20"]

1. d4 e6 2. Nf3 Nf6 3. e3 d5 4. Bd3 c5 5. b3 Be7 6. Bb2 O-O 7. O-O b6 8. Nbd2
Ba6 9. Bxa6 Nxa6 10. Ne5 Nb8 11. f4 Ne4 12. Rf3 f6 13. Ng4 f5 14. Ne5 Nd7 15.
Nc6 Qe8 16. Nxe7+ Qxe7 17. dxc5 bxc5 18. Nxe4 fxe4 19. Rg3 Nf6 20. Be5 Rad8 21.
Qd2 Rf7 22. Rd1 g6 23. c4 Nh5 24. Rh3 Ng7 25. Qe2 Nf5 26. Qg4 1-0

[Event "Titled Tue 20th May Late"]
[Site "chess.com INT"]
[Date "2025.05.20"]
[Round "10"]
[White "Moosavifar, Seyed Abolfazl"]
[Black "Jovic, Stanoje"]
[Result "1-0"]
[WhiteTitle "FM"]
[BlackTitle "FM"]
[WhiteElo "2303"]
[BlackElo "2096"]
[WhiteFideId "42548195"]
[BlackFideId "905020"]
[EventDate "2025.05.20"]

1. e4 c6 2. Nf3 d5 3. exd5 cxd5 4. d4 Nc6 5. c3 Bg4 6. h3 Bxf3 7. Qxf3 Nf6 8.
Bd3 e6 9. O-O Be7 10. Qe2 O-O 11. f4 Re8 12. Nd2 a5 13. a4 Rc8 14. Nf3 Qb6 15.
Ne5 Bd6 16. Kh1 Rc7 17. f5 exf5 18. Rxf5 Ne4 19. Bxe4 dxe4 20. Nc4 Qa6 21. Rb5
Bf8 22. b3 Qa8 23. d5 Ne5 24. Bf4 f6 25. Bxe5 fxe5 26. Qxe4 Rf7 27. Rxa5 Qd8 28.
Rb5 Rf4 29. Qe2 Qg5 30. d6 Qg3 31. d7 Rd8 32. Nxe5 Bd6 33. Qd3 1-0

[Event "Titled Tue 20th May Late"]
[Site "chess.com INT"]
[Date "2025.05.20"]
[Round "10"]
[White "Carlsson, Ludvig"]
[Black "Coe, William"]
[Result "1/2-1/2"]
[WhiteTitle "IM"]
[WhiteElo "2374"]
[BlackElo "2078"]
[WhiteFideId "1727010"]
[BlackFideId "30913624"]
[EventDate "2025.05.20"]

1. e4 c5 2. Nf3 e6 3. d4 cxd4 4. Nxd4 a6 5. Nc3 Qc7 6. Bd3 Nf6 7. O-O Bc5 8. Nb3
Be7 9. Qe2 d6 10. a4 b6 11. Bf4 Nbd7 12. Rfd1 e5 13. Be3 O-O 14. Nd2 Nc5 15.
Bxc5 Qxc5 16. Nc4 Bb7 17. Ne3 Qb4 18. Bc4 Qxb2 19. Qd3 Qb4 20. Bd5 Rfb8 21. Bxb7
Rxb7 22. Ncd5 Qc5 23. Nxf6+ Bxf6 24. Qxd6 Qxd6 25. Rxd6 Be7 26. Rc6 f6 27. Nd5
Kf7 28. Rxb6 Rxb6 29. Nxb6 Rb8 30. Nd5 Rb2 31. Nxe7 Kxe7 32. f3 Rxc2 33. Rb1 Rc4
34. Rb7+ Kf8 35. Rb8+ Kf7 36. Rb7+ Kf8 37. Ra7 Rxa4 38. h4 Ra2 39. Kh2 h5 40.
Kh3 a5 41. Kg3 a4 42. Kh3 a3 43. Kg3 Ra1 44. Kh2 a2 45. Kg3 Ke8 46. Kf2 Kd8 47.
Kg3 Kc8 48. Kh2 Kb8 49. Ra3 Kb7 50. Kg3 Kb6 51. Ra8 Kb5 52. Rb8+ Kc4 53. Rc8+
Kd3 54. Ra8 Kc3 55. Rc8+ Kb2 56. Rb8+ Kc3 57. Ra8 Kb2 58. Rb8+ Kc3 59. Ra8 Kb2
60. Rb8+ 1/2-1/2

[Event "Titled Tue 20th May Late"]
[Site "chess.com INT"]
[Date "2025.05.20"]
[Round "10"]
[White "Shukhman, Anna"]
[Black "Ahmad, Khagan"]
[Result "1-0"]
[WhiteTitle "WGM"]
[BlackTitle "IM"]
[WhiteElo "2413"]
[BlackElo "2405"]
[WhiteFideId "54180058"]
[BlackFideId "13431552"]
[EventDate "2025.05.20"]

1. e4 c5 2. Nf3 d6 3. d4 cxd4 4. Nxd4 Nf6 5. Nc3 a6 6. Qd3 e6 7. g4 Nxg4 8. Qg3
Nf6 9. Be3 Nbd7 10. O-O-O b5 11. Bg2 b4 12. Nc6 Qc7 13. Nxb4 Rb8 14. Nd3 Be7 15.
f4 Bb7 16. Rhe1 O-O 17. e5 dxe5 18. fxe5 Bxg2 19. Qxg2 Nh5 20. Qf3 g6 21. Bh6
Ng7 22. Ne4 Rfc8 23. Re2 Nf5 24. Be3 Nxe5 25. Nxe5 Qxe5 26. c3 Rd8 27. Bf4 Rxd1+
28. Kxd1 Qd5+ 29. Rd2 Qxa2 30. Bxb8 Qb3+ 31. Kc1 Qxb8 32. Qd3 Qf4 33. Kb1 Kg7
34. c4 Bb4 35. Rd1 Qe5 36. Rc1 Qxh2 37. c5 Qg3 38. Nxg3 1-0

[Event "Titled Tue 20th May Late"]
[Site "chess.com INT"]
[Date "2025.05.20"]
[Round "10"]
[White "Vila Dupla, Aurelio"]
[Black "Zhou, Abigail"]
[Result "1-0"]
[WhiteTitle "FM"]
[BlackTitle "WCM"]
[WhiteElo "2056"]
[BlackElo "1744"]
[WhiteFideId "2203383"]
[BlackFideId "39922081"]
[EventDate "2025.05.20"]

1. Nf3 d5 2. d4 Nf6 3. c4 e6 4. cxd5 exd5 5. Nc3 Be7 6. Qc2 O-O 7. Bg5 h6 8. Bh4
Be6 9. e3 Nbd7 10. Bd3 c5 11. dxc5 Nxc5 12. O-O Nxd3 13. Qxd3 Qd7 14. Nd4 Rac8
15. Rac1 Rfd8 16. Rfd1 a6 17. h3 Nh7 18. Bxe7 Qxe7 19. Nce2 Nf6 20. Ng3 Qd7 21.
Ngf5 Ne4 22. Nxe6 fxe6 23. Nd4 Nc5 24. Qa3 Ne4 25. Qd3 Nc5 26. Qe2 Ne4 27. Nf3
Rxc1 28. Rxc1 Rc8 29. Qd1 Rxc1 30. Qxc1 Kh7 31. Qc2 Kh8 32. Ne5 Qe7 33. Ng6+ Kh7
34. Nxe7 Kh8 35. Qc8+ Kh7 36. Qg8# 1-0

[Event "Titled Tue 20th May Late"]
[Site "chess.com INT"]
[Date "2025.05.20"]
[Round "10"]
[White "Logozar, Elijah"]
[Black "Klepek, Witold"]
[Result "1/2-1/2"]
[BlackTitle "CM"]
[WhiteElo "1945"]
[BlackElo "2253"]
[WhiteFideId "30963788"]
[BlackFideId "1175068"]
[EventDate "2025.05.20"]

1. e4 c5 2. Nf3 e6 3. d4 cxd4 4. Nxd4 Nf6 5. Nc3 Nc6 6. Ndb5 Bc5 7. Bf4 O-O 8.
Bc7 Qe7 9. Bd6 Bxd6 10. Qxd6 Ne8 11. Qxe7 Nxe7 12. O-O-O a6 13. Nd4 b5 14. a3 d6
15. g3 Bb7 16. Bg2 Nc7 17. Rd2 Rfd8 18. Rhd1 Kf8 19. Nb3 Nc8 20. Na5 Rb8 21.
Nxb7 Rxb7 22. f4 Ke7 23. Na2 a5 24. Rd3 Nb6 25. g4 d5 26. exd5 Ncxd5 27. Nc3
Nxc3 28. Rxd8 Nxd1 29. Bxb7 Kxd8 30. Kxd1 Kc7 31. Be4 g6 32. b3 Kd6 33. g5 Nd5
34. Ke2 Nxf4+ 35. Kf3 Nd5 36. h4 f5 37. gxf6 Nxf6 38. Bd3 b4 39. axb4 axb4 40.
Kf4 e5+ 41. Kg5 Ke6 42. Bc4+ Nd5 43. Kh6 Kd6 44. Kxh7 Nf4 45. Bd3 Kc5 46. Bxg6
Nxg6 47. Kxg6 e4 48. h5 e3 49. h6 e2 50. h7 e1=Q 51. h8=Q Qe4+ 52. Kf7 Qd5+ 53.
Kg6 Qg2+ 54. Kf7 Qd5+ 55. Kg6 Qe4+ 56. Kf7 Qd5+ 1/2-1/2

[Event "Titled Tue 20th May Late"]
[Site "chess.com INT"]
[Date "2025.05.20"]
[Round "10"]
[White "Altini, Nicola"]
[Black "Dovgaliuk, Oleksandr"]
[Result "1/2-1/2"]
[WhiteTitle "IM"]
[WhiteElo "2357"]
[BlackElo "2240"]
[WhiteFideId "833924"]
[BlackFideId "14167247"]
[EventDate "2025.05.20"]

1. d4 Nf6 2. c4 g6 3. Nc3 d5 4. cxd5 Nxd5 5. Bd2 c5 6. e4 Nxc3 7. Bxc3 cxd4 8.
Qxd4 Qxd4 9. Bxd4 f6 10. e5 Nc6 11. Bb5 Bd7 12. Bxc6 Bxc6 13. Nf3 Bh6 14. exf6
exf6 15. O-O O-O 16. Rfe1 Kf7 17. Bc5 Rfe8 18. Rxe8 Rxe8 19. Bxa7 Bxf3 20. gxf3
Re2 21. b4 Bf8 22. Bc5 Bxc5 23. bxc5 Rb2 24. a4 Ke6 25. Rd1 Rc2 26. Rd6+ Ke5 27.
Rd7 Rxc5 28. Rxb7 Kf4 29. Kg2 Rg5+ 30. Kf1 Kxf3 31. Rb5 f5 32. a5 Rh5 33. Rb3+
Ke4 34. Kg2 f4 35. Ra3 Rg5+ 36. Kf1 Rc5 37. a6 Rc8 38. a7 Ra8 39. Kg1 g5 40. Kg2
h5 41. Ra4+ Kf5 42. h3 g4 43. Ra5+ Ke4 44. h4 Kd4 45. f3 Ke3 46. Ra3+ Ke2 47.
Ra2+ Ke3 48. fxg4 hxg4 49. h5 g3 50. h6 f3+ 51. Kxg3 f2 52. Rxf2 Rg8+ 53. Kh4
Kxf2 54. h7 Ra8 55. Kg5 Ke3 56. Kg6 Kd4 57. Kg7 Rxa7+ 58. Kg8 Rxh7 59. Kxh7 1/2-1/2

[Event "Titled Tue 20th May Late"]
[Site "chess.com INT"]
[Date "2025.05.20"]
[Round "10"]
[White "Ferrara, Enzo"]
[Black "Ollier, Pablo"]
[Result "0-1"]
[BlackTitle "FM"]
[WhiteElo "2138"]
[BlackElo "2284"]
[WhiteFideId "137731"]
[BlackFideId "652318"]
[EventDate "2025.05.20"]

1. d4 Nf6 2. c4 e6 3. Nc3 Bb4 4. e3 O-O 5. Ne2 d5 6. a3 Bd6 7. Ng3 c6 8. f4 c5
9. dxc5 Bxc5 10. b4 Be7 11. Bb2 a5 12. b5 b6 13. cxd5 exd5 14. Be2 Bb7 15. O-O
Bc5 16. Nf5 Qd7 17. Nd4 Re8 18. Qd2 Qe7 19. Rf3 Nbd7 20. Na4 Ne4 21. Qe1 Ndf6
22. Rh3 Rad8 23. Qh4 Bc8 24. g4 h6 25. Nc6 Qe6 26. Nxc5 bxc5 27. Nxd8 Rxd8 28.
Be5 Re8 29. a4 d4 30. exd4 cxd4 31. Bxd4 Nd2 32. Re3 Qd5 33. Rxe8+ Nxe8 34. Bf2
Bb7 0-1

[Event "Titled Tue 20th May Late"]
[Site "chess.com INT"]
[Date "2025.05.20"]
[Round "10"]
[White "Ghimoyan, Narek"]
[Black "Liu, Jason"]
[Result "1-0"]
[WhiteTitle "CM"]
[WhiteElo "2273"]
[BlackElo "2064"]
[WhiteFideId "13315412"]
[BlackFideId "2514656"]
[EventDate "2025.05.20"]

1. d4 e6 2. c4 b6 3. Nf3 Bb7 4. g3 f5 5. Bg2 Nf6 6. O-O g6 7. Nc3 Bg7 8. d5 O-O
9. Nd4 e5 10. Nf3 d6 11. Ng5 Bc8 12. Ne6 Bxe6 13. dxe6 c6 14. b4 e4 15. Qb3 Qe7
16. c5 d5 17. Be3 Qxe6 18. cxb6 axb6 19. Bxb6 Nbd7 20. Bd4 Rfb8 21. Rac1 c5 22.
Bxf6 Nxf6 23. b5 Kf7 24. a4 c4 25. Qb4 Bf8 26. Qb2 d4 27. Nxe4 fxe4 28. Qxd4
Rxa4 29. f3 e3 30. f4 Rxb5 31. Ra1 Bc5 32. Qc3 Rxa1 33. Rxa1 Rb3 34. Qc2 Bd4 35.
Rd1 Bc5 36. Bf3 c3 37. Bd5 Nxd5 38. Qxb3 Nxf4 39. Qb7+ Be7 40. gxf4 c2 41. Rc1
Qc4 42. Qb2 Qxf4 43. Rf1 Qxf1+ 1-0

[Event "Titled Tue 20th May Late"]
[Site "chess.com INT"]
[Date "2025.05.20"]
[Round "10"]
[White "Yevchenko, Oleksandr"]
[Black "Harish, Neeraj"]
[Result "1-0"]
[WhiteTitle "CM"]
[BlackTitle "CM"]
[WhiteElo "2276"]
[BlackElo "2192"]
[WhiteFideId "14108267"]
[BlackFideId "30958130"]
[EventDate "2025.05.20"]

1. c4 c6 2. e4 d5 3. exd5 cxd5 4. cxd5 Nf6 5. Qa4+ Nbd7 6. Nc3 g6 7. Bc4 Bg7 8.
Nf3 O-O 9. d3 a6 10. Qa3 b5 11. Bxb5 Nb6 12. Bc6 Rb8 13. Bf4 Bf5 14. Bxb8 Qxb8
15. O-O Bxd3 16. Rfd1 Nc4 17. Qxe7 Nxb2 18. Re1 Nc4 19. Rad1 Bf5 20. Nd4 Bg4 21.
Rb1 Qf4 22. Nde2 Qg5 23. Ng3 h5 24. Nce4 Nxe4 25. Rxe4 Bf6 26. Qb4 Nd2 27. Rbe1
Nxe4 28. Nxe4 Qf5 29. h3 Be5 30. hxg4 Qxg4 31. Qe7 Qf4 32. Ng3 h4 33. Qxe5 Qxe5
34. Rxe5 hxg3 35. fxg3 Kg7 36. Re8 Rxe8 37. Bxe8 Kf6 38. Bc6 Ke5 39. Kf2 1-0

[Event "Titled Tue 20th May Late"]
[Site "chess.com INT"]
[Date "2025.05.20"]
[Round "10"]
[White "Khanbutaev, Artemii"]
[Black "Cramling Bellon, Anna"]
[Result "1-0"]
[BlackTitle "WFM"]
[WhiteElo "2059"]
[BlackElo "2046"]
[WhiteFideId "55747175"]
[BlackFideId "32009232"]
[EventDate "2025.05.20"]

1. d4 d5 2. c4 e6 3. Nf3 Nf6 4. g3 dxc4 5. Bg2 Bb4+ 6. Nc3 Nc6 7. O-O Nd5 8. Qc2
O-O 9. e4 Nb6 10. Rd1 Bd7 11. Be3 Ne7 12. Ne5 f6 13. Nxd7 Qxd7 14. Ne2 Qa4 15.
Qxa4 Nxa4 16. Rab1 a5 17. Rdc1 b5 18. b3 Nb6 19. Nf4 cxb3 20. axb3 Bd6 21. Nxe6
Rfc8 22. e5 fxe5 23. Bxa8 Nxa8 24. dxe5 Bxe5 25. Rc5 Bd6 26. Rxb5 Nc6 27. Rc1
Ne5 28. Rxa5 Nf3+ 29. Kg2 Kf7 30. Kxf3 Kxe6 31. Ra6 Rf8+ 32. Kg2 1-0

[Event "Titled Tue 20th May Late"]
[Site "chess.com INT"]
[Date "2025.05.20"]
[Round "10"]
[White "Manvelyan, Mikayel"]
[Black "Myagmarsuren, Evsuld"]
[Result "1-0"]
[WhiteTitle "FM"]
[BlackTitle "FM"]
[WhiteElo "2362"]
[BlackElo "2292"]
[WhiteFideId "13310143"]
[BlackFideId "1551639"]
[EventDate "2025.05.20"]

1. e4 e5 2. Nf3 Nc6 3. Bb5 Nf6 4. O-O Nxe4 5. Re1 Nd6 6. Nxe5 Nxe5 7. Rxe5+ Be7
8. Bf1 O-O 9. Nc3 Bf6 10. Re1 Nf5 11. Nd5 c6 12. Nxf6+ Qxf6 13. c3 d5 14. d4 Nd6
15. Qh5 Bf5 16. Bg5 Qg6 17. Qxg6 hxg6 18. Be7 Ne4 19. Bxf8 Kxf8 20. f3 Nd2 21.
Rad1 Nxf1 22. Kxf1 a5 23. Kf2 a4 24. Re2 a3 25. b3 Be6 26. h4 b6 27. Rde1 c5 28.
g4 Rc8 29. Ke3 Ke7 30. Kd2 Kd6 31. Re5 b5 32. h5 gxh5 33. gxh5 cxd4 34. cxd4 b4
35. Rg5 Rc3 36. Re3 1-0

[Event "Titled Tue 20th May Late"]
[Site "chess.com INT"]
[Date "2025.05.20"]
[Round "10"]
[White "Ersoz, Teoman Guney"]
[Black "Vykouk, Jan"]
[Result "0-1"]
[WhiteTitle "CM"]
[BlackTitle "IM"]
[WhiteElo "2090"]
[BlackElo "2496"]
[WhiteFideId "44537050"]
[BlackFideId "349658"]
[EventDate "2025.05.20"]

1. e4 c5 2. Nf3 d6 3. c3 Nf6 4. Be2 Nc6 5. d4 cxd4 6. cxd4 d5 7. e5 Ne4 8. O-O
Bg4 9. Nc3 e6 10. h3 Bh5 11. Be3 Be7 12. Qc2 Nxc3 13. bxc3 Bg6 14. Qa4 O-O 15.
c4 dxc4 16. Bxc4 a6 17. Qd1 b5 18. Bd3 Bxd3 19. Qxd3 Nb4 20. Qb3 Nd5 21. Rac1
Rc8 22. Nd2 Qa5 23. Ne4 h6 24. Bd2 Qa3 25. f4 Qxb3 26. axb3 Ba3 27. Rxc8 Rxc8
28. Ra1 Bb2 29. Rxa6 Bxd4+ 30. Kh2 g5 31. fxg5 Bxe5+ 32. Kg1 hxg5 33. Bxg5 Rc2
34. Ra8+ Kg7 35. h4 f5 36. Ra7+ Kg6 37. Ra6 fxe4 38. Rxe6+ Kf5 39. Re8 Bg3 40.
Rf8+ Kg4 41. Rf1 e3 42. b4 e2 43. Rb1 e1=Q+ 44. Rxe1 Bxe1 45. Kf1 Bxh4 46. Bh6
Rf2+ 47. Kg1 Re2 48. Bd2 Rxd2 49. Kh2 Bg3+ 50. Kg1 Rd1# 0-1

[Event "Titled Tue 20th May Late"]
[Site "chess.com INT"]
[Date "2025.05.20"]
[Round "10"]
[White "Albores, Pablo"]
[Black "Medina Paz, Miguel"]
[Result "1-0"]
[WhiteTitle "CM"]
[BlackTitle "IM"]
[WhiteElo "2220"]
[BlackElo "2368"]
[WhiteFideId "105546"]
[BlackFideId "7300379"]
[EventDate "2025.05.20"]

1. c4 Nf6 2. Nc3 g6 3. g3 Bg7 4. Bg2 O-O 5. Nf3 d6 6. O-O Nbd7 7. d3 e5 8. Bg5
h6 9. Bxf6 Nxf6 10. Rb1 a5 11. a3 c5 12. Ne1 Rb8 13. Nc2 Bd7 14. Ne3 Bc6 15.
Ned5 Nxd5 16. Bxd5 Bd7 17. b4 axb4 18. axb4 b6 19. b5 Kh7 20. Bc6 Be6 21. h4 f5
22. Bd5 Bd7 23. Kg2 e4 24. Qc2 Qf6 25. Rbc1 f4 26. Bxe4 Qe6 27. Rh1 Bd4 28. f3
fxg3 29. h5 Kg7 30. Nd5 g5 31. Qd2 Be5 32. e3 Rf7 33. d4 cxd4 34. exd4 Bf4 35.
Qd3 Ra8 36. Ra1 Rff8 37. Nc7 Qe7 38. Rxa8 Rxa8 39. Nxa8 Qf8 40. Nc7 Qb8 41. Nd5
Qa7 42. Re1 Qa2+ 43. Re2 Qb1 44. Qxb1 1-0

[Event "Titled Tue 20th May Late"]
[Site "chess.com INT"]
[Date "2025.05.20"]
[Round "10"]
[White "Aravindh, Chithambaram VR."]
[Black "Deac, Bogdan-Daniel"]
[Result "1-0"]
[WhiteTitle "GM"]
[BlackTitle "GM"]
[WhiteElo "2749"]
[BlackElo "2668"]
[WhiteFideId "5072786"]
[BlackFideId "1226380"]
[EventDate "2025.05.20"]

1. Nf3 d5 2. b3 Nf6 3. Bb2 g6 4. g3 Bg7 5. Bg2 c5 6. O-O O-O 7. c4 d4 8. e3 Nc6
9. exd4 cxd4 10. Re1 Nd7 11. d3 Re8 12. Na3 Nc5 13. Nc2 e5 14. Ba3 Nxd3 15. Qxd3
e4 16. Rxe4 Rxe4 17. Qxe4 Bf5 18. Qe1 Bxc2 19. Qd2 d3 20. Re1 Qb6 21. Ng5 h6 22.
Nxf7 Qa5 23. Qxa5 Nxa5 24. Bb4 Nc6 25. Bxc6 bxc6 26. Ne5 a5 27. Bd2 a4 28. b4
Re8 29. Nxc6 Rxe1+ 30. Bxe1 Bb3 31. b5 Bxc4 32. b6 Ba6 33. Nb4 Bb7 34. Nxd3 Bd4
35. Ba5 Kf7 36. a3 Ke6 37. Kf1 Kd5 38. Nf4+ Kc4 39. Nxg6 Bc5 40. Ne5+ Kb5 41.
Bc3 Bxa3 42. g4 Bb4 43. Ba1 1-0

[Event "Titled Tue 20th May Late"]
[Site "chess.com INT"]
[Date "2025.05.20"]
[Round "10"]
[White "Lortkipanidze, Nodar"]
[Black "Brozynski, Patryk"]
[Result "1-0"]
[WhiteTitle "IM"]
[WhiteElo "2359"]
[BlackElo "2219"]
[WhiteFideId "13604058"]
[BlackFideId "2512700"]
[EventDate "2025.05.20"]

1. e4 c5 2. c3 e6 3. d4 cxd4 4. cxd4 d5 5. e5 Ne7 6. Nc3 Nbc6 7. Nf3 Nf5 8. Be3
Qb6 9. Qd2 Be7 10. Bd3 Nxe3 11. fxe3 f6 12. exf6 gxf6 13. O-O Bd7 14. a3 O-O-O
15. b4 Rde8 16. Rfc1 Kb8 17. Na4 Qd8 18. Nc5 Bc8 19. Bb5 Qb6 20. a4 a6 21. Bxc6
bxc6 22. b5 cxb5 23. axb5 axb5 24. Ra5 Bxc5 25. dxc5 Qc6 26. Nd4 Qb7 27. c6 Qb6
28. Rxb5 Kc7 29. Rxb6 Kxb6 30. c7 Bd7 31. Qb4+ Ka7 32. Ra1+ Ba4 33. Rxa4# 1-0

[Event "Titled Tue 20th May Late"]
[Site "chess.com INT"]
[Date "2025.05.20"]
[Round "10"]
[White "Mafra, Kaiser Luiz"]
[Black "McDonald, Jhustice-Dimonte"]
[Result "0-1"]
[WhiteTitle "CM"]
[BlackTitle "CM"]
[WhiteElo "2094"]
[BlackElo "2032"]
[WhiteFideId "2106698"]
[BlackFideId "7402481"]
[EventDate "2025.05.20"]

1. e4 b6 2. d4 Bb7 3. Nc3 e6 4. Be3 Bb4 5. f3 Ne7 6. Qd2 O-O 7. Bd3 c5 8. a3
Bxc3 9. bxc3 cxd4 10. cxd4 d5 11. e5 Nd7 12. h4 Rc8 13. Nh3 Qc7 14. O-O Nf5 15.
Bf2 Qc3 16. Qf4 f6 17. Bxf5 exf5 18. Qxf5 Rc7 19. Qe6+ Kh8 20. exf6 Rxf6 21.
Qe8+ Rf8 22. Qe6 Qxc2 23. Ng5 Qf5 24. Qd6 Rc2 25. g4 Qf6 26. Qxd7 Bc8 27. Qxa7
h6 28. Qa4 Rb2 29. Nh3 Qxf3 30. Rae1 Qxh3 0-1

[Event "Titled Tue 20th May Late"]
[Site "chess.com INT"]
[Date "2025.05.20"]
[Round "10"]
[White "Rozman, Levy"]
[Black "Donchenko, Alexander"]
[Result "0-1"]
[WhiteTitle "IM"]
[BlackTitle "GM"]
[WhiteElo "2324"]
[BlackElo "2615"]
[WhiteFideId "2039877"]
[BlackFideId "24603295"]
[EventDate "2025.05.20"]

1. d4 Nf6 2. Bg5 g6 3. Bxf6 exf6 4. c4 d5 5. cxd5 Qxd5 6. Nc3 Qa5 7. e3 Bg7 8.
h4 h5 9. g3 c5 10. Bb5+ Nd7 11. dxc5 a6 12. Ba4 Qxc5 13. Qd5 O-O 14. O-O-O Qxd5
15. Nxd5 b5 16. Ne7+ Kh7 17. Nxc8 Raxc8+ 18. Bc2 Ne5 19. Ne2 f5 20. Nd4 Rfd8 21.
Kb1 Rc7 22. Rhf1 Rcd7 23. b3 Ng4 24. Nc6 Rxd1+ 25. Rxd1 Rxd1+ 26. Bxd1 Nxf2 27.
Bf3 Ne4 28. Bxe4 fxe4 29. a4 bxa4 30. bxa4 Bf8 31. Ne5 f5 32. Nc4 g5 33. Kc2
gxh4 34. gxh4 Be7 0-1

[Event "Titled Tue 20th May Late"]
[Site "chess.com INT"]
[Date "2025.05.20"]
[Round "10"]
[White "Terron Elena, Francisco M."]
[Black "Schuster, Karsten"]
[Result "1-0"]
[WhiteTitle "FM"]
[BlackTitle "FM"]
[WhiteElo "2148"]
[BlackElo "2266"]
[WhiteFideId "2210576"]
[BlackFideId "4611071"]
[EventDate "2025.05.20"]

1. e4 d5 2. exd5 Qxd5 3. Nc3 Qd6 4. Nf3 c6 5. d4 Bg4 6. Be2 Nf6 7. O-O e6 8. h3
Bh5 9. Re1 Be7 10. Ne5 Bxe2 11. Qxe2 O-O 12. Be3 Nbd7 13. Nc4 Qc7 14. a4 Nd5 15.
Bd2 Rfe8 16. Ne4 N7f6 17. Ne5 Nxe4 18. Qxe4 Nf6 19. Qf3 Rad8 20. c3 Bd6 21. Bg5
Be7 22. a5 a6 23. Bh4 Rf8 24. g4 Nd5 25. Bxe7 Qxe7 26. Qg3 Qg5 27. Nf3 Qf4 28.
Kg2 Qxg3+ 29. Kxg3 Rfe8 30. Ne5 f6 31. Nd3 Kf7 32. Nc5 Re7 33. Re2 g5 34. Ra3
Nf4 35. Re1 e5 36. Rb3 exd4 37. Rxe7+ Kxe7 38. Rxb7+ Ke8 39. cxd4 Rxd4 40. Nxa6
Rd3+ 41. Kh2 Rxh3+ 42. Kg1 Rh4 43. f3 Rh3 44. Nc5 Rxf3 45. a6 Rg3+ 46. Kf1 Rf3+
47. Ke1 Ng2+ 48. Ke2 1-0